UM Logo

Communication works / (Record no. 1413)

MARC details
000 -LEADER
fixed length control field 00630nam a22001937a 4500
008 - FIXED-LENGTH DATA ELEMENTS--GENERAL INFORMATION
fixed length control field 160322b xxu||||| |||| 00| 0 eng d
020 ## - INTERNATIONAL STANDARD BOOK NUMBER
International Standard Book Number 978-0-07-11483-7
082 ## - DEWEY DECIMAL CLASSIFICATION NUMBER
Edition number 2010
Classification number DC 302.2
Item number G14
100 ## - MAIN ENTRY--PERSONAL NAME
9 (RLIN) 4278
Personal name Gamble, Teri Kwal
245 ## - TITLE STATEMENT
Title Communication works /
Statement of responsibility, etc. Teri Kwal Gamble, Michael Gamble.
250 ## - EDITION STATEMENT
Edition statement Tenth Edition
260 ## - PUBLICATION, DISTRIBUTION, ETC. (IMPRINT)
Place of publication, distribution, etc. New York, NY :
Name of publisher, distributor, etc. McGraw-Hill,
Date of publication, distribution, etc. c2010.
300 ## - PHYSICAL DESCRIPTION
Extent xx, 524 pages :
Other physical details illustrations (some col.) ;
Dimensions 26 cm.
500 ## - GENERAL NOTE
General note Includes index, glossary and references.
650 #0 - SUBJECT ADDED ENTRY--TOPICAL TERM
9 (RLIN) 4280
Topical term or geographic name as entry element Communication
700 ## - ADDED ENTRY--PERSONAL NAME
9 (RLIN) 4281
Personal name Gamble, Michael
365 ## - TRADE PRICE
Price amount 3,095.00
Currency code Php
942 ## - ADDED ENTRY ELEMENTS (KOHA)
Source of classification or shelving scheme Dewey Decimal Classification
Koha item type Circulation
Holdings
Withdrawn status Lost status Source of classification or shelving scheme Damaged status Not for loan Collection code Home library Current library Date acquired Source of acquisition Total Checkouts Full call number Barcode Date last seen Copy number Cost, replacement price Price effective from Koha item type
    Dewey Decimal Classification     Circulation UM Digos College - LIC UM Digos College - LIC 09/24/2010 Purchased   DC 302.2 G14 2010 21136 05/15/2025 1 3095.00 03/22/2016 Circulation